Montpellier Citoyenne du monde
Sábháilte in:
| Príomhchruthaitheoir: | |
|---|---|
| Údar corparáideach: | |
| Formáid: | LEABHAR |
| Teanga: | Béarla |
| Foilsithe / Cruthaithe: |
Atelier Baie
2017
|
| Clibeanna: |
Níl clibeanna ann, Bí ar an gcéad duine le clib a chur leis an taifead seo!
|
MARC
| LEADER | 00000nam a2200000 4500 | ||
|---|---|---|---|
| 005 | 20241009170930.0 | ||
| 008 | 241009b |||||||| |||| 00| 0 eng d | ||
| 020 | |a 978-2919208470 | ||
| 040 | |c GP | ||
| 100 | |a Zamponi, Francis | ||
| 110 | |a Montpellier Mediterraneè Metropole | ||
| 245 | |a Montpellier |b Citoyenne du monde | ||
| 260 | |b Atelier Baie |c 2017 | ||
| 942 | |2 ddc |c BK |n 0 | ||
| 952 | |0 0 |1 0 |2 ddc |4 0 |6 001_000000000000000_MON |7 1 |9 2082 |a RM |b RM |d 2024-10-09 |l 0 |o 001 MON |p 799 |r 2024-10-09 17:09:48 |w 2024-10-09 |y BK | ||
| 999 | |c 1822 |d 1822 | ||